Préfectures de France : Laon - Statistiques

Statistiques générales
  • Ce quiz a été pris 42 fois
  • Le résultat moyen est 11 sur 37
Statistiques - réponses
Question Réponse % Correct
Quel numéro porte celui-ci ? 02
100%
La ville appartient au diocèse de (3 villes) Soissons | Laon | Saint-Quentin
100%
De quel département est-ce la préfecture ? Aisne
97%
A quelle région administrative appartient la ville depuis 2015 ? Hauts-de-France
86%
Comment se nomment ses habitants ? Laonnois | Laonnoise
86%
A quelle région administrative appartenait-elle auparavant ? Picardie
81%
La ville appartient à l'académie de Amiens
75%
Quelles sont les sous-préfectures qui en dépendent ? Saint-Quentin
69%
Les couleurs de fond de son blason sont le/l' bleu
64%
Quelles sont les sous-préfectures qui en dépendent ? Soissons
61%
Quelles sont les sous-préfectures qui en dépendent ? Château-Thierry
44%
Les communes limitrophes sont Chambry
39%
La ville est desservie par l'autoroute A26
33%
Les communes limitrophes sont Athies-sous-Laon
28%
Quelles sont les sous-préfectures qui en dépendent ? Vervins
28%
Les communes limitrophes sont Aulnois-sous-Laon
25%
Sa cathédrale est dédiée à Notre-Dame | Vierge
14%
Les communes limitrophes sont Bruyères-et-Montbérault
11%
La ville possède le label Ville d'art et d'histoire
11%
Ville européenne jumelée avec la ville (2 possibles) Soltau | Winchester
8%
Ordres religieux présents autrefois dans la ville Templiers
8%
La gare a été mise en service en 1857
6%
Les communes limitrophes sont Barenton-Bugny
6%
Ordres religieux présents autrefois dans la ville Bénédictins
6%
Les communes limitrophes sont Cerny-lès-Bucy
6%
Les communes limitrophes sont Chivy-lès-Etouvelles
6%
Les communes limitrophes sont Clacy-et-Thierret
6%
Les communes limitrophes sont Besny-et-Loizy
3%
La ville est édifiée sur une éminence appelée Butte témoin
3%
Les communes limitrophes sont Molinchart
3%
et dans la plaine picarde
3%
Les communes limitrophes sont Presles-et-Thierny
3%
Les communes limitrophes sont Vorges
3%
Les couleurs de fond de son blason sont le/l' argent
0%
Ordres religieux présents autrefois dans la ville Minimes
0%
Ordres religieux présents autrefois dans la ville Prémontrés
0%
La ville possède le label Ville et métiers d'art
0%
Aucun quiz correspondant
Distribution des résultats
% des personnes avec chaque résultat
Percentile par nombre de réponses
Votre historique - résultats
Vous n’avez pas pris ce quiz